Cargando...
Fields and waves in communication electronics
| Autor principal: | |
|---|---|
| Formato: | Printed Book |
| Lenguaje: | English |
| Publicado: |
New Delhi
Wiley Eastern
1970
|
| Materias: |
| LEADER | 00536nam a22001577a 4500 | ||
|---|---|---|---|
| 005 | 20151217143933.0 | ||
| 008 | 100727t xxu||||| |||| 00| 0 eng d | ||
| 080 | |a 621.39 |b RAM | ||
| 100 | |a Ramo, Simon |9 7367 | ||
| 245 | |a Fields and waves in communication electronics | ||
| 260 | |a New Delhi |b Wiley Eastern |c 1970 | ||
| 300 | |a 754p. | ||
| 653 | |a Communication waves |a Communication fields | ||
| 942 | |c BK |6 _ | ||
| 999 | |c 143809 |d 143809 | ||
| 952 | |0 0 |1 0 |2 ddc |4 0 |6 62139_RAM |7 0 |9 183224 |a DST |b DST |d 2010-07-27 |o 621.39 RAM |p DST00212 |r 2013-06-19 |w 2013-06-19 |y BK | ||